000 00667cam a2200193 4500500
005 20260111080258.0
041 _afre
042 _adc
100 1 0 _aBlanchon, Clothilde
_eauthor
245 0 0 _aLes normes de rénovation énergétique du patrimoine : quelles incidences financières ?
260 _c2018.
500 _a56
690 _afinances locales
690 _anormes
690 _apatrimoine
690 _arénovation énergétique
786 0 _nGestion & Finances Publiques | 6 | 6 | 2018-11-30 | p. 41-44 | 1969-1009
856 4 1 _uhttps://droit.cairn.info/revue-gestion-et-finances-publiques-2018-6-page-41?lang=fr&redirect-ssocas=7080
999 _c1616095
_d1616095